|
|
|
|
| LEADER |
00000nam a22000007a 4500 |
| 005 |
20181103003634.0 |
| 007 |
cr|||| |||| |
| 008 |
181103s2018 br |||||s|||| 00||0 por d |
| 020 |
|
|
|a 978-85-361-9796-8
|
| 035 |
|
|
|a 22366
|
| 040 |
|
|
|a vLex
|
| 090 |
|
|
|c 8286
|d 8286
|
| 100 |
1 |
|
|a Tupinamb,̀ Carolina
|
| 245 |
1 |
0 |
|a Danos Extrapatrimoniais Decorrentes das Relaė̳s de Trabalho
|h [Recurso electrn̤ico] /
|c Carolina Tupinamb̀
|
| 256 |
|
|
|a Servicio en ln̕ea
|
| 260 |
|
|
|a San Pablo:
|b LTR,
|c 2018
|
| 300 |
|
|
|a 1 recurso electrn̤ico
|
| 500 |
|
|
|a Com enfoque no dano moral individual, a autora utilizou-se de direito comparado, jurisprudn̊cia e ampla pesquisa para sistematizar teoria de responsabilidade civil trabalhista tomada como instrumento relevante de concretizaȯ̂ da dignidade da pessoa humana, especialmente do empregado, via delimitaȯ̂ da natureza da responsabilidade, dos deveres voltados ̉realizaȯ̂ de direitos extrapatrimoniais dos trabalhadores e da racionalizaȯ̂ da quantificaȯ̂ de eventuais danos extrapatrimoniais.
|
| 506 |
1 |
|
|a Disponible solo en los productos indicados
|d vLex Global
|d vLex Global (Academic Edition, excluding Law Schools)
|d vLex Global (U.S. Academic Edition, Law Schools)
|d vLex Global (U.S. Academic Edition, excluding Law Schools)
|d vLex Global (Academic Edition, Law Schools)
|
| 650 |
0 |
4 |
|a Derecho Laboral y Seguridad Social
|z Brasil
|
| 650 |
0 |
4 |
|a Relaciones Laborales Especiales
|z Brasil
|
| 740 |
0 |
|
|a vLex Libros (Servicio en ln̕ea)
|
| 856 |
4 |
0 |
|u http://vlex.com/source/danos-extrapatrimoniais-decorrentes-das-rela-es-de-trabalho-22366
|z Acceso restringido
|
| 942 |
|
|
|c BOOK
|
| 999 |
0 |
|
|a Labor Law and Social Security
|
| 999 |
0 |
|
|a Special Labor Relations
|